000 00965nam a2200229 i 4500
001 165724
003 ES-MaACL
005 20250911063601.0
008 050822s1890 xxkb |||| |deng d
080 _a929 Emin Pasha
100 1 _aStanley, Henry M.,
_d1841-1904
_9107904
245 1 4 _aThe story of Emin's rescue as told in H.M. Stanley's letters /
_cpublished with MR. Stanley's permission and edited by J. Scott Keltie ; with a map of the route.
260 _aLondon :
_bSampson Low, Marston, Searle & Rivington,
_c1890 (
_fGilbert & Rivington)
300 _a190 p., [1] h. de mapa ;
_c19 cm.
594 _aHenry Morton Stanley: seud. de John Rowlands.
599 _aLa h. de map., a doble p., intercalada entre las p. 175-176.
600 0 4 _aEmin Pash (
_d1840-1892)
_9155241
651 4 _aÁfrica central-
_xDescripción.
_9155240
700 1 _aKeltie, J. Scott.
_9128443
852 _aES-MaACL
_jG-13249
_z- Enc. hol.
999 _c165724
_d165724